<?xml version='1.0' encoding='UTF-8'?>
  <record xmlns="http://www.loc.gov/MARC21/slim">
    <leader>00000cam a2200000 i 4500</leader>
    <controlfield tag="001">ocm67833505</controlfield>
    <controlfield tag="003">OCoLC</controlfield>
    <controlfield tag="005">20251006151532.5</controlfield>
    <controlfield tag="008">990406s1592    gw            000 0 ger d</controlfield>
    <datafield tag="040" ind1=" " ind2=" ">
      <subfield code="a">NLGGC</subfield>
      <subfield code="b">dut</subfield>
      <subfield code="e">fobidrtb</subfield>
      <subfield code="c">NLGGC</subfield>
      <subfield code="d">OCLCO</subfield>
      <subfield code="d">OCLCL</subfield>
      <subfield code="d">OCLCQ</subfield>
    </datafield>
    <datafield tag="029" ind1="0" ind2=" ">
      <subfield code="a">NLGGC</subfield>
      <subfield code="b">181663996</subfield>
    </datafield>
    <datafield tag="035" ind1=" " ind2=" ">
      <subfield code="a">(OCoLC)67833505</subfield>
    </datafield>
    <datafield tag="041" ind1="1" ind2=" ">
      <subfield code="a">ger</subfield>
      <subfield code="h">lat</subfield>
    </datafield>
    <datafield tag="100" ind1="1" ind2=" ">
      <subfield code="a">Isaac, Stephan,</subfield>
      <subfield code="d">1542-1597.</subfield>
      <subfield code="1">https://id.oclc.org/worldcat/entity/E39PBJv4kYbmHpTTKFwtMRJMT3</subfield>
    </datafield>
    <datafield tag="245" ind1="1" ind2="0">
      <subfield code="a">An den Edlen unnd Ehrenvehsten Johann von Münster zu Vortlag, in der Graffschafft Teckelburg :</subfield>
      <subfield code="b">Stephani Isaaci itziger Zeit Pastorn zu Bensheim Sendbriff : darinnen der Jesuiten Secten Geheimniss und Triegerey in vielen Stücken klar an den Tag gegeben wird : zu Warnung frommer unnd gottseliger Christen, denen ihre zeitliche und ewige Wolfarth lieb und angelegen ist /</subfield>
      <subfield code="c">aus dem Lateinischen ins Deutzsch ubergesetzt.</subfield>
    </datafield>
    <datafield tag="246" ind1="3" ind2=" ">
      <subfield code="a">Sendbriff</subfield>
    </datafield>
    <datafield tag="260" ind1=" " ind2=" ">
      <subfield code="a">Zu Bremen :</subfield>
      <subfield code="b">bey Bernhardt Peterss,</subfield>
      <subfield code="c">1592.</subfield>
    </datafield>
    <datafield tag="300" ind1=" " ind2=" ">
      <subfield code="a">[12] p. ;</subfield>
      <subfield code="c">in-4.</subfield>
    </datafield>
    <datafield tag="336" ind1=" " ind2=" ">
      <subfield code="a">tekst</subfield>
      <subfield code="b">txt</subfield>
      <subfield code="2">rdacontent/dut</subfield>
    </datafield>
    <datafield tag="337" ind1=" " ind2=" ">
      <subfield code="a">zonder medium</subfield>
      <subfield code="b">n</subfield>
      <subfield code="2">rdamedia/dut</subfield>
    </datafield>
    <datafield tag="338" ind1=" " ind2=" ">
      <subfield code="a">band</subfield>
      <subfield code="b">nc</subfield>
      <subfield code="2">rdacarrier/dut</subfield>
    </datafield>
    <datafield tag="510" ind1="0" ind2=" ">
      <subfield code="a">VD 16.1, I 330</subfield>
    </datafield>
    <datafield tag="600" ind1="1" ind2="4">
      <subfield code="a">Münster, Johann von,</subfield>
      <subfield code="d">1560-1632.</subfield>
      <subfield code="0">(NL-LeOCL)073529133</subfield>
    </datafield>
    <datafield tag="758" ind1=" " ind2=" ">
      <subfield code="a">An den Edlen unnd Ehrenvehsten Johann von Münster zu Vortlag, in der Graffschafft Teckelburg (Text)</subfield>
      <subfield code="1">https://id.oclc.org/worldcat/entity/E39PCGqwDxcv6w7y9rVgyX7cxC</subfield>
      <subfield code="4">https://id.oclc.org/worldcat/ontology/hasWork</subfield>
    </datafield>
    <datafield tag="936" ind1=" " ind2=" ">
      <subfield code="a">BATCHLOAD</subfield>
    </datafield>
  </record>